| 000 | 01241 a2200289 4500 | ||
|---|---|---|---|
| 003 | OSt | ||
| 005 | 20180116192355.0 | ||
| 008 | 120607t xxu||||| |||| 00| 0 eng d | ||
| 010 | _a 2003009384 | ||
| 020 | _a1592530079 (paper over board) | ||
| 020 | _a9781592535873 | ||
| 040 | _c0 | ||
| 082 | 0 | 0 | _a745.403 |
| 100 | 1 |
_aLidwell, William. _94284 |
|
| 245 | 1 | 0 |
_aUniversal principles of design / _cWilliam Lidwell, Kritina Holden, Jill Butler. |
| 260 |
_aGloucester, Mass. : _bRockport, _cc2003. |
||
| 300 |
_a216 p. : _bill. (some col.), map ; _c27 cm. |
||
| 500 | _a"100 ways to enhance usability, influence perception, increase appeal, make better design decisions, and teach through design"--T.p. | ||
| 650 | 1 | 0 |
_aDesign _94285 |
| 700 | 1 |
_aHolden, Kritina. _94286 |
|
| 700 | 1 |
_aButler, Jill. _94287 |
|
| 856 | 4 | 1 |
_3Table of contents _uhttp://www.loc.gov/catdir/toc/ecip043/2003009384.html |
| 856 | 4 | 1 |
_3Publisher description _uhttp://www.loc.gov/catdir/enhancements/fy0740/2003009384-d.html |
| 856 | 4 | 1 |
_3Contributor biographical information _uhttp://www.loc.gov/catdir/enhancements/fy0740/2003009384-b.html |
| 942 |
_aSADA _cBK _k745.403 LID 2003 _2ddc |
||
| 999 |
_c353080 _d353080 |
||